000 00509nam a2200181 i 4500
001 93138
003 ES-MaACL
005 20230906181130.0
007 t|
008 050407s1958 sp ||||1| spa d
100 1 _aLofts, Norah.
_973119
245 1 0 _aBendice esta casa /
_cNorah Lofts; [versión española de E. Fosalba].
250 _a[1ª ed.].
260 _aBarcelona :
_bLuis de Caralt,
_c1958.
300 _a361 p. ;
_c20 cm.
700 1 _aFosalba, E.
_951886
852 _aES-MaACL
_jC-14504
_bR.42071
999 _c93138
_d93138